00829nam a2200229 a 450000100060000000300080000600500170001400800410003103500190007204000270009104100080011808200260012610000590015224500630021126000420027430000340031650400360035065100350038694200120042199900170043395201490045064235BD-RjUL20211209081302.0170212s1965 enkabcj b 001 0 eng  a(BD-RjUL)64365 aDLCcOGKdBD-RjULbeng aeng a953.804223bWIS 19651 aWinder, R. Baylyq(Richard Bayly),d1920-1988.919076110aSaudi Arabia in the nineteenth century /cR. Bayly Winder. aLondon :bSt. Martin's Press,cc1965. axiv, 312 p. :bill. ;c23 cm. aIncludes index and bibliography 0aSaudi ArabiaxHistory.9190762 2ddccBK c64235d64235 00102ddc40718NFICaRUCLbRUCLcReadingd1970-10-27eSwets & Zeithingerg63.00l0o953.804 WIS 1965r2017-02-12 00:00:00tC-1w2017-02-12yBK